000 00345nam a2200121Ia 4500
008 151001s9999||||xx |||||||||||||| ||und||
100 _aअविनाश भट्ट
245 _aअरेबियन नाईटस
250 _a1
260 _bपुष्प प्रकाशन पुणे
300 _a88
365 _b24
999 _c980489
_d980486